Functional analysis and valuation theory

Αποθηκεύτηκε σε:
Λεπτομέρειες βιβλιογραφικής εγγραφής
Κύριοι συγγραφείς: Narici, Lawrence, Beckenstein, Edward 1940- (Συγγραφέας), Bachman, George, 1929- (Συγγραφέας)
Μορφή: Βιβλίο
Γλώσσα:English
Δημοσίευση: New York : M. Dekker, 1971.
Σειρά:Monographs and textbooks in pure and applied mathematics ; 5
Θέματα:
Ετικέτες: Προσθήκη ετικέτας
Δεν υπάρχουν, Καταχωρήστε ετικέτα πρώτοι!

MARC

LEADER 00000cam a2200000 i 4500
001 1/51754
008 941103s1971 nyu ||| | eng||
020 |a 0824714849 
035 |l 10044229 
035 |a 1993 
040 |a GR-MyUA  |b gre  |e AACR2 
041 0 |a eng 
082 0 |a 512.55  
100 1 |a Narici, Lawrence. 
245 1 0 |a Functional analysis and valuation theory /   |c by Lawrence Narici, Edward Beckenstein and George Bachman.  
260 |a New York :   |b M. Dekker,   |c 1971.  
300 |a vi, 192 σ. ;   |c 24 εκ.  
490 1 |a (Monographs and textbooks in pure and applied mathematics   |v ; 5)  
504 |a Βιβλιογραφία: (σ. 178-185).  
650 0 0 |a Normed linear spaces. 
650 0 0 |a Topological algebras. 
700 1 |a Beckenstein, Edward  |d 1940-  |e aut 
700 1 |a Bachman, George,   |d 1929-  |e aut 
830 0 |a Monographs and textbooks in pure and applied mathematics ;  |v  5 
852 |a INST  |b SAMOS  |e 19941103  |h 512.55 NAR  |p 005300007866  |q 005300007866  |t BK  |y 0 
909 |a Σ  |b 030300